00232nam a22000857a 4500020002200000040002300022082001500045245006000060260002600120 a978-1-63989-553-3 adlccdlcddlcedlc 262904bCUS aUrban Transport Systems and Technology by Julian Custer aStates Academic Press